01216nam a2200337 i 450000100060000000300080000600500170001400600190003100700150005000800410006502000180010602000270012403500220015104000310017305000230020408000140022708200170024110000300025824501170028826400500040530000420045533600290049733700330052633800390055958800830059865000400068165000310072165500270075270000360077985600630081523951FINmELB20241216214128.0m o u cr cn|||||||||210730s2020 mx o 000 0 spa d z9786076294697 a9786076295632 (e-book) a(OCoLC)1269023419 aFINmELBbspaerdacFINmELB14aKGF1789bP944 2020 a349.2(72)04a344.72012231 aPérez Chávez, José.10aCompendio laboral :bcorrelacionado artículo por artículo /cJosé Pérez Chávez, Raymundo Fol Olguín. 1aMéxico, D.F. :bTax Editores Unidos,c2020. a1 recurso en línea (2996 páginas) atextobtxt2rdamedia/spa acomputadorabc2rdamedia/spa arecurso en línea2rdacarrier/spa aDescripción basada en metadatos suministrados por el editor y otras fuentes. 0aLabor laws and legislationzMexico. 4aDerecho laboralzMéxico. 4aLibros electrónicos.1 aFol Olguín, Raymundo,eautor.40uhttps://elibro.net/ereader/politecnicointernacional/128232